La brecha de implementacin̤ Derechos territoriales de los pueblos indg̕enas en Colombia

Detalles Bibliográficos
Autor principal: Muǫz Onofre, Juan Pablo
Formato: eBook
Lenguaje:español
Publicado: Bogot:̀ Editorial Universidad de Rosario (Colombia), 2016
Materias:
Acceso en línea:Acceso restringido

MARC

LEADER 00000nam a22000007a 4500
005 20171010151159.0
007 cr|||| ||||
008 171010s2016 ck |||||s|||| 00||0 spa d
020 |a 978-958-738-773-5 
035 |a 20720 
040 |a vLex 
090 |c 7112  |d 7112 
100 1 |a Muǫz Onofre, Juan Pablo 
245 1 2 |a La brecha de implementacin̤ Derechos territoriales de los pueblos indg̕enas en Colombia  |h [Recurso electrn̤ico] /  |c Juan Pablo Muǫz Onofre 
256 |a Servicio en ln̕ea 
260 |a Bogot:̀  |b Editorial Universidad de Rosario (Colombia),  |c 2016 
300 |a 1 recurso electrn̤ico 
500 |a Las disputas en tomo al reconocimiento y pleno ejercicio de los derechos de los pueblos indg̕enas sobre sus tierras, han sido histr̤icamente transversales a las relaciones entre estas poblaciones, el Estado y el resto de la sociedad colon1biana. Si bien hoy, tras un largo proceso de reivindicaciones, los pueblos indg̕enas cuentan con un 1narco normativo y jurisprudencial nacional e internacional que reconoce estos derechos; tales disputas, y en particular aquellas por el control y ad1ninistracin̤ de la tierra y sus recursos naturales, vienen en un incremento proporcional al decidido avance de un modelo de desarrollo sustentado en gran 1nedida en la explotacin̤ y aprovechamiento de estos recursos. La investigacin̤ cuyos resultados presenta este texto se plante ̤caracterizar las disputas configuradas y desarrolladas en el marco del ordenamiento jurd̕ico e institucional de la Constitucin̤ Polt̕ica de 1991, que han llevado a la existencia de una brecha entre el reconocimiento de los derechos territoriales de los pueblos indg̕enas y su eficacia en Colombia. En cuatro capt̕ulos est ̀caracterizacin̤ se presenta partiendo de una aproximacin̤ a los antecedentes histr̤icos de estas disputas y su expresin̤ en el derecho nacional e internacional, y luego, a travš de un anl̀isis crt̕ico en el que se aborda su posterior configuracin̤ en el marco de la vigencia del actual ordenamiento constitucional, a instancias de la expedicin̤ de las norn1as, la formulacin̤ de las polt̕icas y el control judicial constitucional; dando cuenta de su inherente vn̕culo con tensiones del orden social, polt̕ico, econ1̤nico, cultural y ambiental. 
506 1 |a Disponible solo en los productos indicados  |d vLex Global  |d vLex Global (Academic Edition, excluding Law Schools)  |d vLex Global (U.S. Academic Edition, Law Schools)  |d vLex Global (U.S. Academic Edition, excluding Law Schools)  |d vLex Global (Academic Edition, Law Schools) 
650 0 4 |a Derecho civil  |z Colombia 
650 0 4 |a Derecho administrativo  |z Colombia 
650 0 4 |a Derecho pb︢lico  |z Colombia 
650 0 4 |a Derecho constitucional  |z Colombia 
740 0 |a vLex Libros (Servicio en ln̕ea) 
856 4 0 |u http://vlex.com/source/brecha-de-implementacion-derechos-territoriales-de-los-pueblos-indigenas-en-colombia-20720  |z Acceso restringido 
942 |c BOOK 
999 0 |a Civil law 
999 0 |a Public law 
999 0 |a Administrative law 
999 0 |a Constitutional law